Catálogo
Digital

Catálogo
Digital

Técnicas y procesos en las instalaciones eléctricas en media y baja tensión (Record no. 11838)

MARC details
000 -CABECERA
campo de control de longitud fija 01379nam a2200349 4500
003 - IDENTIFICADOR DEL NÚMERO DE CONTROL
campo de control EC-UNACH
006 - CÓDIGOS DE INFORMACIÓN DE LONGITUD FIJA--CARACTERÍSTICAS DEL MATERIAL ADICIONAL
campo de control de longitud fija s||||gr|||| 00| 00
008 - DATOS DE LONGITUD FIJA--INFORMACIÓN GENERAL
campo de control de longitud fija 150116t9999 mx r gr 000 0 spa d
020 ## - NÚMERO INTERNACIONAL ESTÁNDAR DEL LIBRO
Número Internacional Estándar del Libro 978-84-9732-663-6
040 ## - FUENTE DE LA CATALOGACIÓN
Centro catalogador/agencia de origen EC-UNACH
Centro/agencia transcriptor EC-UNACH
041 ## - CÓDIGO DE LENGUA
Código de lengua del texto/banda sonora o título independiente Español
082 04 - NÚMERO DE LA CLASIFICACIÓN DECIMAL DEWEY
Número de edición 23
Número de clasificación 621.313
Número de documento/Ítem L015450
100 ## - ENTRADA PRINCIPAL--NOMBRE DE PERSONA
Nombre de persona Sanz Serrano, José Luis
245 ## - MENCIÓN DE TÍTULO
Título Técnicas y procesos en las instalaciones eléctricas en media y baja tensión
250 ## - MENCIÓN DE EDICIÓN
Mención de edición Sexta Edición
264 ## - Producción, publicación, distribución, fabricación y copyright
Lugar de producción, publicación, distribución, fabricación Madrid - España
Nombre del de productor, editor, distribuidor, fabricante Thomson editores
Fecha de de producción, publicación, distribución, fabricación o copyright 2008
300 ## - DESCRIPCIÓN FÍSICA
Extensión 355 páginas
Otras características físicas Tablas, Figuras
Dimensiones 27 centímetros
501 ## - NOTA DE "CON"
Nota de “Con” Incluye índice
504 ## - NOTA DE BIBLIOGRAFÍA, ETC.
Bibliografía, etc. Bibliografía 355
505 ## - NOTA DE CONTENIDO CON FORMATO
Nota de contenido con formato Redes eléctricas -- Líneas aéreas y subterráneas de media tensión (M.T) y baja tensión (B.T.) -- Centros de transformación -- Instalaciones de enlace e interiores -- Instalaciones específicas. Tipología y características. Reglamentación -- Iluminación -- Medidas eléctricas -- Puesta en servicio y mantenimiento.
650 ## - PUNTO DE ACCESO ADICIONAL DE MATERIA--TÉRMINO DE MATERIA
Término de materia o nombre geográfico como elemento inicial REDES DE DISTRIBUCIÓN
650 ## - PUNTO DE ACCESO ADICIONAL DE MATERIA--TÉRMINO DE MATERIA
Término de materia o nombre geográfico como elemento inicial LÍNEAS DE DISTRIBUCIÓN
650 ## - PUNTO DE ACCESO ADICIONAL DE MATERIA--TÉRMINO DE MATERIA
Término de materia o nombre geográfico como elemento inicial BAJA TENSIÓN
650 ## - PUNTO DE ACCESO ADICIONAL DE MATERIA--TÉRMINO DE MATERIA
Término de materia o nombre geográfico como elemento inicial SISTEMA DE DISTRIBUCIÓN
650 ## - PUNTO DE ACCESO ADICIONAL DE MATERIA--TÉRMINO DE MATERIA
Término de materia o nombre geográfico como elemento inicial PUESTA A TIERRA
700 ## - PUNTO DE ACCESO ADICIONAL--NOMBRE DE PERSONA
Nombre de persona Toledano Gasca, José Carlos
Término indicativo de función/relación Autor
942 ## - ELEMENTOS DE PUNTO DE ACCESO ADICIONAL (KOHA)
Fuente del sistema de clasificación o colocación Clasificación Decimal Dewey
Tipo de ítem Koha Libros
999 ## - NÚMEROS DE CONTROL DE SISTEMA (KOHA)
Koha biblionumber 11838
Holdings
Estado de pérdida Fuente del sistema de clasificación o colocación Estado dañado No para préstamo Localización permanente Ubicación/localización actual Ubicación en estantería Fecha de adquisición Número de inventario Total de préstamos Signatura topográfica completa Código de barras Fecha visto por última vez Número de copia Precio válido a partir de Tipo de ítem Koha Centro de costos
  Clasificación Decimal Dewey     Biblioteca Campus Norte Biblioteca Campus Norte Ingeniería en Electrónica y Telecomunicaciones 18/08/2023 325780   621.313 SAN L015450 L015450 18/08/2023 01 18/08/2023 Libros  

Powered by Koha